Appropriating the Lonergan idea (Record no. 33963)
[ view plain ]
| 000 -LEADER | |
|---|---|
| fixed length control field | 00615nam a2200193Ia 4500 |
| 008 - FIXED-LENGTH DATA ELEMENTS--GENERAL INFORMATION | |
| fixed length control field | 201221s9999||||xx |||||||||||||| ||und|| |
| 020 ## - INTERNATIONAL STANDARD BOOK NUMBER | |
| International Standard Book Number | 0813206685 |
| 020 ## - INTERNATIONAL STANDARD BOOK NUMBER | |
| International Standard Book Number | 9780813206684 |
| 041 ## - LANGUAGE CODE | |
| Language code of text/sound track or separate title | eng |
| 050 ## - LIBRARY OF CONGRESS CALL NUMBER | |
| Classification number | BX4705.L7133 |
| Item number | .C76 1989 |
| 100 ## - MAIN ENTRY--PERSONAL NAME | |
| Personal name | Crowe, Frederick E. |
| 245 #0 - TITLE STATEMENT | |
| Title | Appropriating the Lonergan idea |
| Remainder of title | / |
| Statement of responsibility, etc. | Frederick E. Crowe; edited by Michael Vertin |
| 260 ## - PUBLICATION, DISTRIBUTION, ETC. | |
| Place of publication, distribution, etc. | Washington, D.C. : |
| Name of publisher, distributor, etc. | Catholic University of America Press, |
| Date of publication, distribution, etc. | 1989 |
| 300 ## - PHYSICAL DESCRIPTION | |
| Extent | xiv, 410 p. : |
| Other physical details | ports; |
| Dimensions | 24 cm. |
| 650 ## - SUBJECT ADDED ENTRY--TOPICAL TERM | |
| Topical term or geographic name entry element | Lonergan, Bernard J.F.1904-1984. |
| 650 ## - SUBJECT ADDED ENTRY--TOPICAL TERM | |
| Topical term or geographic name entry element | Theology. |
| 700 ## - ADDED ENTRY--PERSONAL NAME | |
| Personal name | Vertin, Michael |
| Withdrawn status | Lost status | Damaged status | Not for loan | Home library | Current library | Shelving location | Date acquired | Total Checkouts | Full call number | Barcode | Date last seen | Price effective from | Koha item type |
|---|---|---|---|---|---|---|---|---|---|---|---|---|---|
| GETS Theological Seminary Library | GETS Theological Seminary Library | General Stacks | 12/21/2020 | BX4705.L7133 .C76 1989 | 00021809 | 12/21/2020 | 12/21/2020 | English Books |